Journal of Leisure Property (Record no. 118854)

MARC details
000 -LEADER
fixed length control field 00562cas a22001935a 4500
001 - CONTROL NUMBER
control field ##L132260
008 - FIXED-LENGTH DATA ELEMENTS--GENERAL INFORMATION
fixed length control field 070612d20002002xxkqr p 0 a0eng u
022 1# - INTERNATIONAL STANDARD SERIAL NUMBER
International Standard Serial Number 1471-549X
035 ## - SYSTEM CONTROL NUMBER
System control number (Sirsi) u132260
041 0# - LANGUAGE CODE
Language code of text/sound track or separate title eng
245 00 - TITLE STATEMENT
Title Journal of Leisure Property
260 00 - PUBLICATION, DISTRIBUTION, ETC.
Place of publication, distribution, etc. London
Name of publisher, distributor, etc. Henry Stewart Publications
Date of publication, distribution, etc. 2000-2002
362 ## - DATES OF PUBLICATION AND/OR SEQUENTIAL DESIGNATION
Dates of publication and/or sequential designation 1(1) November 2002-2(4) December 2002
554 ## -
-- Four per year
651 #4 - SUBJECT ADDED ENTRY--GEOGRAPHIC NAME
Geographic name United Kingdom
Chronological subdivision
690 ## - LOCAL SUBJECT ADDED ENTRY--TOPICAL TERM (OCLC, RLIN)
Topical term or geographic name as entry element PROPERTY-COMMERCIAL PROPERTY
785 00 - SUCCEEDING ENTRY
Title Journal of Retail and Leisure Property
International Standard Serial Number 1479-1110
942 ## - ADDED ENTRY ELEMENTS (KOHA)
Suppress in OPAC 0
Holdings
Withdrawn status Lost status Source of classification or shelving scheme Damaged status Not for loan Home library Current library Shelving location Date acquired Total Checkouts Full call number Barcode Date last seen Price effective from Koha item type
    Dewey Decimal Classification     London London Gallery 23/01/2006   JOURNAL OF RETAIL AND LEISURE PROPERTY 132260-1001 06/08/2019 06/08/2019 Journal